LIBRARY ONLINE CATALOGUE

Risk management and supply chain vulnerability / (Record no. 8579)

MARC details
000 -LEADER
fixed length control field 00639nam a22002052 4500
001 - CONTROL NUMBER
control field 0000018458
005 - DATE AND TIME OF LATEST TRANSACTION
control field 20151217152128.0
008 - FIXED-LENGTH DATA ELEMENTS--GENERAL INFORMATION
fixed length control field 091030s xx 000 0 eng d
020 ## - INTERNATIONAL STANDARD BOOK NUMBER
International Standard Book Number 1861241593 :
040 ## - CATALOGING SOURCE
Original cataloging agency KABU
Transcribing agency KABU
100 1# - MAIN ENTRY--PERSONAL NAME
Personal name Cowan, Neil.
-- 0000177727
245 10 - TITLE STATEMENT
Title Risk management and supply chain vulnerability /
Statement of responsibility, etc. Neil Cowan.
250 ## - EDITION STATEMENT
Edition statement 1st ed.
260 ## - PUBLICATION, DISTRIBUTION, ETC. (IMPRINT)
Place of publication, distribution, etc. Stamford, England :
Name of publisher, distributor, etc. Chartered Institute of Purchasing and Supply,
Date of publication, distribution, etc. 2006.
300 ## - PHYSICAL DESCRIPTION
Extent xviii, 392 p.
650 #0 - SUBJECT ADDED ENTRY--TOPICAL TERM
Topical term or geographic name as entry element Business logistics.
-- 0000148287
852 1# - LOCATION
-- p2500 KES
908 ## - PUT COMMAND PARAMETER (RLIN)
Put command parameter 091030
950 ## - LOCAL HOLDINGS (RLIN)
-- 1
Holdings
Withdrawn status Lost status Source of classification or shelving scheme Not for loan Home library Current library Date acquired Total Checkouts Full call number Barcode Date last seen Date last checked out Copy number Price effective from Koha item type
    Library of Congress Classification   Kabarak, Main Campus Kabarak, Main Campus 17/12/2015 3 HD38.5 .C69 2006 c. 1 18268 02/08/2024 01/04/2021 C.1 17/12/2015 General Collection